[Event "Milan Crespi op 26th"]
[Site "Milan"]
[Date "2005.12.11"]
[Round "7"]
[White "Bellani, Alessandro"]
[Black "Sardo, Gabriele"]
[Result "0-1"]
[WhiteElo "2116"]
[BlackElo "2194"]
[PlyCount "106"]
[EventDate "2005.12.07"]
[EventType "swiss"]
[EventRounds "7"]
[EventCountry "ITA"]
[SourceTitle "EXT 2007"]
[Source "ChessBase"]
[SourceDate "2006.11.23"]
[SourceVersion "1"]
[SourceVersionDate "2006.11.23"]
[SourceQuality "1"]

1. d4 d5 2. c4 e5 3. dxe5 d4 4. Nf3 Nc6 5. g3 Nge7 6. Bg2 Ng6 7. Bf4 Bc5 8. a3 a5 9. Nbd2 Ba7 10. Qc2 0-0 11. Ne4 Re8 12. 0-0-0 Ngxe5 13. Bxe5 Nxe5 14. Nxd4 Bxd4 15. e3 Bxb2+ 16. Kxb2 Qe7 17. Rd4 Be6 18. f4 Nxc4+ 19. Rxc4 Bxc4 20. Qxc4 Red8 21. Rc1 c6 22. h4 Rd5 23. g4 Rad8 24. h5 Rb5+ 25. Ka2 h6 26. g5 hxg5 27. fxg5 Qe5 28. Qc3 Qh2 29. Qc2 Qxh5 30. Rh1 Qg6 31. Bf1 Re5 32. Qh2 Qe6+ 33. Kb2 Kf8 34. Bc4 Rb5+ 35. Bxb5 Qxe4 36. Bf1 Rd1 37. Qb8+ Ke7 38. Qc7+ Rd7 39. Qxa5 Qxe3 40. Rh2 b6 41. Qb4+ c5 42. Qc3 Qxg5 43. Rg2 Qf6 44. Bb5 Rd4 45. Re2+ Kd6 46. Kb3 Qf5 47. Qg3+ Rf4 48. Rd2+ Ke7 49. Rd7+ Ke6 50. Qe3+ Qe4 51. Qh3+ f5 52. Rd3 c4+ 53. Bxc4+ Qxc4+ 0-1

[Event "Bratto Gorgonzola op"]
[Site "Bratto"]
[Date "2005.11.12"]
[Round "1"]
[White "Virzi, Ettore"]
[Black "Bellani, Alessandro"]
[Result "1-0"]
[WhiteElo "2001"]
[BlackElo "2116"]
[PlyCount "65"]
[EventDate "2005.11.12"]
[EventType "swiss"]
[EventRounds "7"]
[EventCountry "ITA"]
[SourceTitle "EXT 2007"]
[Source "ChessBase"]
[SourceDate "2006.11.23"]
[SourceVersion "1"]
[SourceVersionDate "2006.11.23"]
[SourceQuality "1"]

1. e4 c5 2. Nf3 d6 3. d4 cxd4 4. Nxd4 Nf6 5. Nc3 g6 6. Be3 Bg7 7. f3 0-0 8. Qd2 Nc6 9. 0-0-0 d5 10. exd5 Nxd5 11. Nxc6 bxc6 12. Bd4 e5 13. Bc5 Be6 14. Ne4 f5 15. Ng5 Bh6 16. h4 Rf7 17. c4 Rd7 18. cxd5 Rxd5 19. Bc4 Rxd2 20. Bxe6+ Kg7 21. Rxd2 Bxg5 22. hxg5 Qxg5 23. Kc2 h5 24. Be7 Qg3 25. Rh3 Qf4 26. Rh4 Qg3 27. Rb4 f4 28. Rb7 Kh6 29. Bf6 Re8 30. Bh3 c5 31. Rdd7 g5 32. Bf5 Qxg2+ 33. Rd2 1-0

[Event "Piacenza op 1st"]
[Site "Piacenza"]
[Date "2005.11.05"]
[Round "2"]
[White "Bellani, Alessandro"]
[Black "Ficco, Corrado"]
[Result "1-0"]
[WhiteElo "2116"]
[BlackElo "2172"]
[PlyCount "105"]
[EventDate "2005.11.04"]
[EventType "swiss"]
[EventRounds "5"]
[EventCountry "ITA"]
[SourceTitle "CBM 109 Extra"]
[Source "ChessBase"]
[SourceDate "2006.01.03"]
[SourceVersion "2"]
[SourceVersionDate "2006.01.03"]
[SourceQuality "1"]

1. d4 Nf6 2. c4 c5 3. d5 b5 4. cxb5 a6 5. bxa6 Bxa6 6. Nc3 g6 7. e4 Bxf1 8. Kxf1 d6 9. Nge2 Bg7 10. Be3 Nbd7 11. f3 0-0 12. g4 Ne5 13. Kg2 Nc4 14. Bc1 e6 15. g5 Nh5 16. Ng3 Nxg3 17. hxg3 Bxc3 18. bxc3 exd5 19. Qxd5 Ra4 20. a3 Qa8 21. Qd3 Qc6 22. Ra2 f5 23. gxf6 Rxf6 24. Bf4 Rf7 25. Rb1 h5 26. Rb8+ Rf8 27. Qb1 Ra8 28. Rb7 Rf7 29. Rxf7 Kxf7 30. Qb3 d5 31. a4 Ra5 32. Re2 Nb6 33. exd5 Nxd5 34. Bg5 c4 35. Qb8 Ra8 36. Qe5 Re8 37. Qxe8+ Qxe8 38. Rxe8 Kxe8 39. Bd2 Kd7 40. Kh3 g5 41. f4 gxf4 42. gxf4 Kc6 43. Kh4 Kb6 44. Kxh5 Ka5 45. Kg6 Kxa4 46. f5 Kb3 47. f6 Kc2 48. Be1 Nc7 49. f7 Ne6 50. Kf6 Nf8 51. Ke7 Ng6+ 52. Ke8 Kd1 53. Bf2 1-0

[Event "Montecatini Terme op 10th"]
[Site "Montecatini Terme"]
[Date "2004.12.30"]
[Round "6"]
[White "Stromboli, Ettore"]
[Black "Bellani, Alessandro"]
[Result "1-0"]
[WhiteElo "2207"]
[BlackElo "1862"]
[PlyCount "53"]
[EventDate "2004.12.27"]
[EventType "swiss"]
[EventRounds "7"]
[EventCountry "ITA"]
[SourceTitle "CBM 104 Extra"]
[Source "ChessBase"]
[SourceDate "2005.03.01"]
[SourceVersion "1"]
[SourceVersionDate "2005.03.01"]
[SourceQuality "1"]

1. e4 c5 2. Nf3 d6 3. d4 cxd4 4. Nxd4 Nf6 5. f3 g6 6. c4 Bg7 7. Nc3 Qb6 8. Na4 Qc7 9. Be3 0-0 10. Be2 Nc6 11. 0-0 Bd7 12. Rc1 Rfc8 13. a3 Ne5 14. b4 b6 15. Qb3 Qb7 16. Nc3 h5 17. Rfd1 Kf8 18. Qa2 Rab8 19. h3 Nc6 20. Ncb5 Nd8 21. Nc3 Ne6 22. Qd2 Nxd4 23. Bxd4 Rc7 24. Bxf6 exf6 25. Qxd6+ Ke8 26. Nd5 Rc6 27. Qe7# 1-0

[Event "Crema op 05th"]
[Site "Crema"]
[Date "2003.09.07"]
[Round "5"]
[White "Casartelli, Fabio"]
[Black "Bellani, Alessandro"]
[Result "0-1"]
[WhiteElo "1717"]
[BlackElo "1810"]
[PlyCount "72"]
[EventDate "2003.09.05"]
[EventType "swiss"]
[EventRounds "6"]
[EventCountry "ITA"]
[SourceTitle "EXT 2007"]
[Source "ChessBase"]
[SourceDate "2006.11.23"]
[SourceVersion "1"]
[SourceVersionDate "2006.11.23"]
[SourceQuality "1"]

1. d4 Nf6 2. c4 g6 3. Nc3 Bg7 4. e4 d6 5. Be2 0-0 6. f4 c5 7. d5 e6 8. Nf3 exd5 9. cxd5 Re8 10. Qc2 Qe7 11. f5 Nxe4 12. fxg6 hxg6 13. Nxe4 Qxe4 14. Qxe4 Rxe4 15. Ng5 Re7 16. Rf1 Bg4 17. Nf3 Na6 18. Bg5 f6 19. Bf4 Rae8 20. Rf2 Nb4 21. Kd2 Nxd5 22. Bc4 Be6 23. Bxd6 Rd7 24. Bb5 Rxd6 25. Bxe8 Nc7+ 26. Ke1 Nxe8 27. Re2 Kf7 28. b3 Bh6 29. Rd1 Rxd1+ 30. Kxd1 Nc7 31. h3 Nd5 32. Kc2 Bf5+ 33. Kb2 Nf4 34. Rc2 Bxc2 35. Kxc2 Nxg2 36. Kc3 Be3 0-1

[Event "Crema op 05th"]
[Site "Crema"]
[Date "2003.09.06"]
[Round "4"]
[White "Bellani, Alessandro"]
[Black "Insabato, Giovanbattista"]
[Result "0-1"]
[WhiteElo "1810"]
[BlackElo "2122"]
[PlyCount "56"]
[EventDate "2003.09.05"]
[EventType "swiss"]
[EventRounds "6"]
[EventCountry "ITA"]
[SourceTitle "EXT 2007"]
[Source "ChessBase"]
[SourceDate "2006.11.23"]
[SourceVersion "1"]
[SourceVersionDate "2006.11.23"]
[SourceQuality "1"]

1. d4 d5 2. c4 e6 3. Nc3 Nf6 4. Bg5 Be7 5. e3 Nbd7 6. Nf3 0-0 7. Rc1 c6 8. Bd3 Re8 9. 0-0 Nf8 10. Ne5 N6d7 11. Qh5 Nxe5 12. Bxe7 Nf3+ 13. gxf3 Qxe7 14. f4 b6 15. cxd5 exd5 16. Rc2 Qd6 17. Rfc1 Bd7 18. Ne2 Rac8 19. f5 c5 20. Ba6 Rb8 21. Kh1 c4 22. Nf4 Bc6 23. Rg1 Nd7 24. f3 Kh8 25. Rcg2 Nf6 26. Qg5 Rg8 27. Ne6 fxe6 28. Qxf6 gxf6 0-1

[Event "Crema op 05th"]
[Site "Crema"]
[Date "2003.09.05"]
[Round "2"]
[White "Bellani, Alessandro"]
[Black "Mussap, Angelo"]
[Result "1-0"]
[WhiteElo "1810"]
[BlackElo "1831"]
[PlyCount "73"]
[EventDate "2003.09.05"]
[EventType "swiss"]
[EventRounds "6"]
[EventCountry "ITA"]
[SourceTitle "EXT 2007"]
[Source "ChessBase"]
[SourceDate "2006.11.23"]
[SourceVersion "1"]
[SourceVersionDate "2006.11.23"]
[SourceQuality "1"]

1. d4 d5 2. e3 g6 3. Bd3 Bg7 4. f4 b6 5. Nf3 Nh6 6. c4 e6 7. Nc3 0-0 8. Bd2 Bb7 9. Rc1 Ba6 10. Qa4 c6 11. 0-0 dxc4 12. Be4 b5 13. Qa3 Qb6 14. Ne2 f5 15. Ba5 Qb7 16. Bb1 Qd7 17. Rfd1 Bb7 18. Ne5 Qc8 19. b3 Bxe5 20. dxe5 c5 21. bxc4 Qc6 22. e4 b4 23. Qh3 Nf7 24. Ng3 Nd7 25. exf5 exf5 26. Nxf5 Rae8 27. Nd6 Nb6 28. Be4 Qc7 29. Nxb7 Qe7 30. Bxb6 axb6 31. Bd5 Kg7 32. Qg3 Nh6 33. Nd6 Rd8 34. Be4 Rd7 35. f5 Rxf5 36. Nxf5+ Nxf5 37. Bxf5 1-0

[Event "Crema op 05th"]
[Site "Crema"]
[Date "2003.09.05"]
[Round "1"]
[White "Tomba, Patrizia"]
[Black "Bellani, Alessandro"]
[Result "0-1"]
[WhiteElo "1492"]
[BlackElo "1810"]
[PlyCount "108"]
[EventDate "2003.09.05"]
[EventType "swiss"]
[EventRounds "6"]
[EventCountry "ITA"]
[SourceTitle "EXT 2007"]
[Source "ChessBase"]
[SourceDate "2006.11.23"]
[SourceVersion "1"]
[SourceVersionDate "2006.11.23"]
[SourceQuality "1"]

1. e4 c5 2. d4 cxd4 3. c3 dxc3 4. Nxc3 Nc6 5. Nf3 e6 6. Bc4 Qc7 7. 0-0 Nf6 8. Qe2 Ng4 9. h3 Nd4 10. hxg4 Nxe2+ 11. Bxe2 a6 12. Be3 Bc5 13. Bxc5 Qxc5 14. Rac1 Qa5 15. Nd4 b5 16. Nb3 Qb6 17. Rfd1 Bb7 18. Bf3 Rc8 19. Nd4 Rc4 20. Nc2 g6 21. Ne3 Rd4 22. Re1 0-0 23. e5 Bxf3 24. gxf3 f6 25. exf6 Rxf6 26. Kg2 Qb7 27. Ne4 Rxe4 28. fxe4 Qxe4+ 29. Kg1 Qf3 30. Rc2 g5 31. Rd1 d5 32. Rd4 Rh6 33. Ng2 Qh3 34. f3 Qh1+ 35. Kf2 Rh2 36. Kg3 Qg1 37. Rdd2 Rh1 38. Re2 Qh2+ 39. Kf2 Rg1 40. Ke3 Qg3 41. Red2 Rf1 42. Rf2 Rxf2 43. Rxf2 e5 44. Ne1 Qf4+ 45. Ke2 Qc4+ 46. Kd2 Qd4+ 47. Ke2 Qxb2+ 48. Kf1 Qd4 49. Rc2 b4 50. Rc8+ Kf7 51. Rc7+ Ke6 52. Rxh7 e4 53. fxe4 Qxe4 54. Kf2 Qxh7 0-1